Illinois Counties Quiz (With Map) - Statistics

General Stats
  • This quiz has been taken 17 times
  • The average score is 37 of 102
Answers on the Map
Answers color-coded by a green-red scale on the quiz's map according to % correct below.
 
Answer Stats
Answer % Correct
Cook
100%
Jackson
77%
Adams
69%
DuPage
69%
Johnson
69%
Lake
69%
Monroe
69%
Peoria
69%
Washington
69%
Will
69%
Jefferson
62%
Kankakee
62%
Madison
62%
Brown
54%
Champaign
54%
Henry
54%
Kane
54%
Clay
46%
Ford
46%
Franklin
46%
Iroquois
46%
McHenry
46%
St. Clair
46%
White
46%
Alexander
38%
Boone
38%
Calhoun
38%
Clinton
38%
Greene
38%
Grundy
38%
Jasper
38%
Jo Daviess
38%
Kendall
38%
Macon
38%
Marion
38%
Rock Island
38%
Sangamon
38%
Scott
38%
Tazewell
38%
Warren
38%
Wayne
38%
Winnebago
38%
Bureau
31%
Christian
31%
Clark
31%
Coles
31%
Crawford
31%
Cumberland
31%
Dekalb
31%
Douglas
31%
Edwards
31%
Effingham
31%
Hamilton
31%
Hancock
31%
Knox
31%
LaSalle
31%
Lawrence
31%
Lee
31%
Marshall
31%
McLean
31%
Pope
31%
Pulaski
31%
Putnam
31%
Shelby
31%
Stephenson
31%
Union
31%
Wabash
31%
Woodford
31%
Bond
23%
Carroll
23%
Cass
23%
DeWitt
23%
Edgar
23%
Fayette
23%
Fulton
23%
Henderson
23%
Jersey
23%
Livingston
23%
Logan
23%
Macoupin
23%
Mason
23%
McDonough
23%
Menard
23%
Mercer
23%
Montgomery
23%
Morgan
23%
Moultrie
23%
Ogle
23%
Perry
23%
Piatt
23%
Randolph
23%
Richland
23%
Schuyler
23%
Stark
23%
Whiteside
23%
Williamson
23%
Gallatin
15%
Hardin
15%
Massac
15%
Pike
15%
Saline
15%
Vermilion
15%
No matching quizzes found
Score Distribution
Percent of People with Each Score
Percentile by Number Answered
Your Score History
You have not taken this quiz